000 00858nam a2200145Ia 4500
008 231221s9999 xx 000 0 und d
041 _aEnglish
082 _aCPEC15-1095
100 _aKavya Shree, D R. Praveen Kumar, S S. Abhirami, C. Agrawal, V K. Sambasiva Rao, V.
245 0 _aS-Band Ground Station For Low Earth Orbit Nano Satellite Mission
260 _c2015
500 _a S-Band Ground Station For Low Earth Orbit Nano Satellite Mission D.R.Kavya Shree, S.S.Praveen Kumar, C.Abhirami, V.K.Agrawal and V.Sambasiva Rao, Department of Electronics and Communication Engineering, PES Institute of Technology, Bangalore, INDIA 2nd  International Space Conference 2015.Delhi 2015, pp 19-23.
650 _aS-Band,Ground,Station,Low,Earth,Orbit, Nan, Satellit, Mission
942 _cIR
999 _c233620
_d233620